Responses for Show #1994 - Thursday, April 15, 1993

Contestants

[<< previous game]

Julie Peterson, a neighborhood maintenance technician from Phoenix, Arizona

Marc Golden, an attorney originally from Woodside, New York

Barbara Ambrose, a homemaker from Buckeye, Arizona (whose 1-day cash winnings total $8,100)

[next game >>]

Jeopardy! Round responses

1952
FILMS
SLOGANS & MOTTOES
MUSIC
BUSINESS & INDUSTRY
WORLD CITIES
    $100 23
(Marc: What is... cross?)

walk

MarcJulie
    $100 17
Cleopatra

Marc
    $100 5
E Pluribus Unum

Marc
    $100 1
Jesus Christ

Marc
    $100 9
Gallo

Barbara
    $100 2
Budapest

Marc
    $200 24
Truman

Marc
    $200 18
Walter Matthau

Julie
    $200 11
vote

Barbara
    $200 4
(Johann) Strauss

Julie
    $200 22
Bic

Julie
    $200 3
Port-au-Prince

Barbara
    $300 25
an nuclear bomb explosion

Marc
    $300 19
Marilyn Monroe

Barbara
    $300 14
(Barbara: What is "We always get our man"?)
(Marc: What is "Keep to the right"?)
[Laughter]
...
(Alex: A driving motto for the RCMP--it means [*], as in right versus wrong.)

maintain the right

BarbaraMarc
Triple Stumper
    $300 10
(Barbara: What is mellow?)

sweet

BarbaraJulie
    $300 28
ESPN

Julie
    $300 6
Managua

Barbara
    $400 26
IBM

Marc
    $400 20
The Magnificent Seven

Barbara
    $400 15
Excellence

Marc
    $400 12
(Barbara: What's the firefly?)

glow worm

Barbara
Triple Stumper
    $400 29
Heineken

Julie
    $400 7
the Ginza

Marc
    $500 27
2 cents

Barbara
    $500 21
The Great Gatsby

Marc
    $500 16
Alaska

Barbara
    $500 13
the violin

Barbara
    $700 30
L.L. Bean

Julie
    $500 8
Bastogne

Triple Stumper

Scores at the first commercial break (after clue 15):

Barbara Marc Julie
$300 $800 $500

Scores at the end of the Jeopardy! Round:

Barbara Marc Julie
$2,000 $2,200 $2,400

Double Jeopardy! Round responses

HISTORY
GREAT COMMUNICATORS
NEW JERSEY
RELIGION
POETRY
ZOOLOGY
    $200 2
Holland (the Netherlands)

Marc
    $200 19
Churchill

Barbara
    $200 13
Allah

Barbara
    $200 8
the six hundred

Julie
    $200 1
tusks

Marc
    $400 3
the Hudson Bay Company

Barbara
    $400 22
Trotsky

Marc
    $400 14
Canterbury

Barbara
    $400 9
(Barbara: What is "The Mighty Casey has struck out"?)
(Julie: What is "Mighty Casey had struck out"?)

Mighty Casey has struck out

BarbaraJulie
Triple Stumper
    $400 4
(Julie: What is the lemur?)

a monkey

Julie
Triple Stumper
    $600 16
(Marc: Who is Peter the Great?)
(Barbara: Who is Nicholas?)

Ivan IV (the Terrible)

BarbaraMarc
Triple Stumper
    $600 23
Johnson

Julie
    $600 26
Wilson

Marc
    $600 15
a cantor

Marc
    $600 10
Flanders Fields

Barbara
    $600 5
a Pinto

Barbara
    $800 17
Argentina

Triple Stumper
    $800 24
(Alex: We've got about a minute to go in the round.)

Gloria Steinem

Triple Stumper
    $600 27
Rutgers

Marc
    $800 20
(Barbara: Who is Brigham Young?)

(Joseph) Smith

BarbaraMarc
    $800 11
the Afton

Julie
    $800 6
a possum

Barbara
    $1000 18
the Weimar Republic

Marc
    $1000 25
Demosthenes

Julie
    $1000 28
[The end-of-round signal sounds.]

Trenton (or Princeton)

Marc
    $1000 21
(Julie: What is Hinduism?)

Jainism

Julie
Triple Stumper
    $1,500 12
daffodils

Julie
    $1000 7
the tern

Barbara

Scores at the end of the Double Jeopardy! Round:

Barbara Marc Julie
$4,400 $7,000 $4,700

[wagering suggestions for these scores]

Final Jeopardy! Round responses

LITERARY QUOTES
(Alex: [To Julie] The title of his play and it was a great film with Richard Burton.)
BarbaraWhat is Who afrid of V. Wolfe
$4,000
JulieWhat is Look back in anger?
$4,700
MarcWhat The play the Thing
$2,401
Look back in anger

Final scores:

Barbara Marc Julie
$400 $4,599 $9,400
3rd place: Spacetech karaoke system + Jeopardy! home game or computerized version 2nd place: Gibson 3-piece kitchen + Joyce Chen cooking products + Jeopardy! home game or computerized version New champion: $9,400

Game dynamics:

Coryat scores:

Barbara Marc Julie
$4,400 $7,200 $4,000
17 R,
6 W
19 R
(including 1 DD),
3 W
13 R
(including 2 DDs),
3 W

Combined Coryat: $15,600

[game clues] [game scores] [suggest correction]

Game tape date: 1992-12-08
The J! Archive is created by fans, for fans. Scraping, republication, monetization, and malicious use prohibited; this site may use cookies and collect identifying information. See terms. The Jeopardy! game show and all elements thereof, including but not limited to copyright and trademark thereto, are the property of Jeopardy Productions, Inc. and are protected under law. This website is not affiliated with, sponsored by, or operated by Jeopardy Productions, Inc. Join the discussion at JBoard.tv.